000 00561nam a22001697a 4500
003 OSt
005 20120302150247.0
008 090624t xxu||||| |||| 00| 0 eng d
035 _a५७८२
040 _cमराठी
245 _aतुकाराम महाराजांचे निवडक एक हजार अभंग
250 _a२ री
260 _aपुणे
_bवरदा
_c१९९७
300 _b२७० पाने
700 _aसंपा.- टिपणीस, गो . गो .
_96719
942 _2ddc
_cBOOK
999 _c491723
_d491720